000 00839cam a22002654a 4500
001 12025463
003 OSt
005 20150408114137.0
008 000531s2001 caua b 001 0 eng
010 _a 00042822
020 _a1558604898
020 _a9781558604896
040 _aMa-Un
050 0 0 _aQA76.9.D343
_bH36 2001
082 0 0 _a006.3
_221
100 1 _aHan, Jiawei.
_936704
245 1 0 _aData mining :
_bconcepts and techniques /
_cJiawei Han and Micheline Kamber.
260 _aSan Francisco :
_bMorgan Kaufmann Publishers,
_c2001.
300 _axxiv, 550 p. :
_bill. ;
_c24 cm.
440 4 _aThe Morgan Kaufmann series in data management systems
_936705
504 _aIncludes bibliographical references (p. 501-531) and index.
650 0 _aData mining.
700 1 _aKamber, Micheline.
_936706
942 _2ddc
_cBOOK
999 _c30406
_d264906